Ghalib : (Record no. 126964)
[ view plain ]
| 000 -LEADER | |
|---|---|
| fixed length control field | 00634nam a22002297a 4500 |
| 005 - DATE AND TIME OF LATEST TRANSACTION | |
| control field | 20170124110017.0 |
| 010 ## - LIBRARY OF CONGRESS CONTROL NUMBER | |
| LC control number | A-371832 |
| 020 ## - INTERNATIONAL STANDARD BOOK NUMBER | |
| Terms of availability | 00.00 |
| 035 ## - SYSTEM CONTROL NUMBER | |
| System control number | A-371832 |
| 037 ## - SOURCE OF ACQUISITION | |
| Stock number | Cen Lib/Ret |
| 040 ## - CATALOGING SOURCE | |
| Original cataloging agency | DPL |
| Language of cataloging | EN |
| 082 ## - DEWEY DECIMAL CLASSIFICATION NUMBER | |
| Classification number | 841.08 |
| Item number | VER |
| 100 ## - MAIN ENTRY--PERSONAL NAME | |
| Personal name | Varma, Pavan K. |
| 9 (RLIN) | 13770 |
| 245 ## - TITLE STATEMENT | |
| Title | Ghalib : |
| Statement of responsibility, etc | by Pavan K. Varma |
| Remainder of title | the man the times / |
| 260 ## - PUBLICATION, DISTRIBUTION, ETC. (IMPRINT) | |
| Place of publication, distribution, etc | New Delhi |
| Name of publisher, distributor, etc | Penguin books |
| Date of publication, distribution, etc | 1988 |
| 270 ## - ADDRESS | |
| City | New Delhi |
| Address | 72-B Himalaya house |
| 300 ## - PHYSICAL DESCRIPTION | |
| Extent | 224p. |
| Dimensions | 19cm(Hb) |
| 500 ## - GENERAL NOTE | |
| General note | Includes index |
| 650 ## - SUBJECT ADDED ENTRY--TOPICAL TERM | |
| Topical term or geographic name as entry element | Literature |
| 9 (RLIN) | 6262 |
| 650 ## - SUBJECT ADDED ENTRY--TOPICAL TERM | |
| Topical term or geographic name as entry element | Urdu literature |
| 9 (RLIN) | 87265 |
| 942 ## - ADDED ENTRY ELEMENTS (KOHA) | |
| Source of classification or shelving scheme | Dewey Decimal Classification |
| Koha item type | English Books |
| Classification part | 841.08 |
| Call number suffix | VER |
| Withdrawn status | Lost status | Damaged status | Not for loan | Collection code | Home library | Current library | Date acquired | Source of acquisition | Cost, normal purchase price | Total Checkouts | Total Renewals | Full call number | Barcode | Date last seen | Date checked out | Copy number | Cost, replacement price | Price effective from | Koha item type |
|---|---|---|---|---|---|---|---|---|---|---|---|---|---|---|---|---|---|---|---|
| Non-fiction | Central Library | Central Library | 27/06/2015 | Cen Lib/Ret | 0.00 | 3 | 2 | 841.08 VER | A-371832 | 10/02/2020 | 17/09/2019 | 1 | 0.00 | 27/06/2015 | English Books | ||||
| Central Library | Central Library | 02/07/2015 | Cen Lib/Ret | 0.00 | 1 | 841.08 VER | A-704994 | 31/12/2018 | 17/12/2018 | 1 | 0.00 | 02/07/2015 | English Books |
